| 000 | 00897nam a2200217 a 4500 | ||
|---|---|---|---|
| 003 | 0 | ||
| 005 | 20250415142658.0 | ||
| 008 | 970101s19uu xx 00 eng d | ||
| 050 |
_aPGS PN 1992.8.A57 _b.D994 2004 |
||
| 100 | _aDy Buco, Jose Rufino A. | ||
| 245 |
_aAnime viewing of Grade six students of Southville International School and Colleges (S.Y. 2003-2004) / _cJose Rufino A. Dy Buco. |
||
| 260 |
_aLas PiƱas City, Philippines : _bSouthville International School and Colleges, _c2004. |
||
| 300 |
_a19 pages : _billustrations ; _c28 cm. |
||
| 504 | _aIncludes bibliographical references. | ||
| 650 |
_aAnime _vJuvenile literature. |
||
| 650 |
_a Japanese animation _vSocial aspects _vChildren. |
||
| 650 |
_aStudents _vTelevision viewing habits. |
||
| 650 |
_aChildren _vAttitudes _vToward anime or cartoons. |
||
| 650 |
_aMedia consumption _vElementary students. |
||
| 942 |
_2lcc _cPASS |
||
| 999 |
_c96974 _d96974 |
||